Missing Word: 2004 Movies Quiz Stats

 Plays Quiz Updated Aug 2, 2012

Support Sporcle.
Go Orange.
Score 0/20 Timer 04:00
0 Plays Today
Hint Answer % Correct
The Girl _____ DoorNext
98.1%
Around the _____ in 80 DaysWorld
98%
The _____ of the OperaPhantom
96%
Mean _____Girls
95.7%
The Day After _____Tomorrow
94.4%
The Polar _____Express
93.5%
Starsky & _____Hutch
91.8%
_____ Size MeSuper
89.1%
Harry Potter and the _____ of AzkabanPrisoner
87.5%
_____ HelsingVan
85.4%
Hint Answer % Correct
Along Came _____Polly
84.5%
The Butterfly _____Effect
82.8%
_____ RwandaHotel
82.5%
Friday Night _____Lights
82%
Alien vs. _____Predator
80.4%
_____: The Legend of Ron BurgundyAnchorman
78.4%
The _____ of the ChristPassion
76.1%
_____ with the KranksChristmas
71%
The _____ of RiddickChronicles
63.1%
Sky _____ and the World of TomorrowCaptain
37.4%

Today's Daily Dose

Missing Word
'80s Musicals

Word Ladder
Hereditary

Get the Picture
Food Names

From the Vault

Find the Piano Notes

by Antitoxin

Music 60s
Good thing they're in alphabetical order.
Remove Ads.
Support Sporcle.
Get the best of Sporcle when you Go Orange. This ad-free experience offers more features, more stats, and more fun while also helping to support Sporcle. Thank you for becoming a member.

Show Comments

Extras

Top Quizzes Today


Score Distribution

Your Account Isn't Verified!

In order to create a playlist on Sporcle, you need to verify the email address you used during registration. Go to your Sporcle Settings to finish the process.

Report this User

Report this user for behavior that violates our Community Guidelines.

Details: